| 000 | 00462cam a2200181ua 4500 | ||
|---|---|---|---|
| 003 | OSt | ||
| 008 | 250707b |||||||| |||| 00| 0 eng d | ||
| 020 | _a81-204-0152-2 | ||
| 041 | _aeng | ||
| 082 |
_a624.18341 _bDAY/DE |
||
| 100 |
_aDayaratnam, P . _97548 |
||
| 245 | _aDesign of reinforced concrete structures / | ||
| 250 | _a3 / | ||
| 260 |
_aNew Delhi : _bOxford & IBH Publishing company , _c1993. |
||
| 300 | _a951 ; . | ||
| 500 | _a*CSS | ||
| 942 | _cBK | ||
| 999 |
_c5454 _d5454 |
||